000 01094nam0a22002651 4500
001 rc\3157056
005 20250530084624.0
021 _aRU
_b[77-2187]
035 _a(NLR Aleph) 007324008
090 _a5939776
_c5939776
100 _a20120615d1976 |||y0rusy50 ca
101 0 _arus
102 _aRU
105 _aa z |||||
200 1 _aПлюс концентрация
_eИз опыта совхоза "Удмуртский"
_fН.А. Смирнов
210 _aИжевск
_cУдмуртия
_d1976
215 _a35 с.
_cил.
_d17
606 _aЖивотноводство
_yУдмуртская АССР
_xСпециализация и кооперирование
_2psbo
606 _aКрупный рогатый скот
_xУход и содержание
_yУдмуртская АССР
_2psbo
700 1 _7ca
_8rus
_aСмирнов
_bН. А.
_cписатель, публицист
_f1941-2017
_gНиколай Александрович
_9271128
_3RU\NLR\AUTH\770271184
801 0 _aRU
_bNLR
_gpsbo
801 1 _aRU
_bELAR
_2rusmarc
852 _aNLR
_j77-2/1777
942 _cBOOK
980 _aNB